Industrial Pollution & Legislation in India (Record no. 1688483)

MARC details
000 -LEADER
fixed length control field 00502nam a22001937a 4500
005 - DATE AND TIME OF LATEST TRANSACTION
control field 20260306113040.0
008 - FIXED-LENGTH DATA ELEMENTS--GENERAL INFORMATION
fixed length control field 260306b |||||||| |||| 00| 0 eng d
020 ## - INTERNATIONAL STANDARD BOOK NUMBER
International Standard Book Number 9789385618512
040 ## - CATALOGING SOURCE
Transcribing agency FLL
041 ## - LANGUAGE CODE
Source of code eng
Language code of text/sound track or separate title eng
084 ## - COLON CLASSIFICATION NUMBER
Classification number X8(A):(D854).2 Q7
100 ## - MAIN ENTRY--PERSONAL NAME
Personal name Shashi Bala
245 ## - TITLE STATEMENT
Title Industrial Pollution & Legislation in India
Remainder of title An Analytical Study
250 ## - EDITION STATEMENT
Edition statement 1st.
260 ## - PUBLICATION, DISTRIBUTION, ETC.
Place of publication, distribution, etc. Delhi
Name of publisher, distributor, etc. Thakkar
Date of publication, distribution, etc. 2017
300 ## - PHYSICAL DESCRIPTION
Extent xxiii,398p
650 ## - SUBJECT ADDED ENTRY--TOPICAL TERM
Topical term or geographic name entry element Environmental Law
942 ## - ADDED ENTRY ELEMENTS (KOHA)
Source of classification or shelving scheme Colon Classification (CC)
Koha item type Reference
999 ## -
-- 1688483
-- 1688483
Holdings
Withdrawn status Lost status Source of classification or shelving scheme Damaged status Not for loan Home library Current library Date acquired Source of acquisition Inventory number Total checkouts Full call number Barcode Date last seen Copy number Price effective from Koha item type
    Colon Classification (CC)     Faculty of Law Library Faculty of Law Library 2025-12-17 Satyam 1240, 17/12/2025   X:8(A):(D854).2 LL1943051 2026-03-06 1 2026-03-06 Reference
    Colon Classification (CC)     Faculty of Law Library Faculty of Law Library 2025-12-17 Satyam 1240, 17/12/2025   X:8(A):(D854).2 LL1943052 2026-03-06 1 2026-03-06 Textbook
    Colon Classification (CC)     Faculty of Law Library Faculty of Law Library 2025-12-17 Satyam 1240, 17/12/2025   X:8(A):(D854).2 LL1943053 2026-03-06 2 2026-03-06 Textbook
Copyright @ Delhi University Library System